| 000 | 01689nam0a2200349 4500 | ||
|---|---|---|---|
| 001 | RU\NLR\bibl\43891 | ||
| 005 | 20260406041338.0 | ||
| 010 |
_a5-87685-099-3 _925000 |
||
| 021 |
_aRU _b99-21402 _91042 |
||
| 035 | _a(NLR Aleph) 000042798 | ||
| 090 |
_a224923 _c224923 |
||
| 100 | _a19990819d1999 |||y0rusy50 ca | ||
| 101 | 0 | _arus | |
| 102 | _aRU | ||
| 105 | _aa ||||||||| | ||
| 200 | 1 |
_aХимия _eУчеб. для 8 кл. сред. общеобразоват. шк. _fГ.И. Шелинский, В.А. Рабинович, В.В. Шелинская _gПод общ. ред. проф. Г.И. Шелинского |
|
| 210 |
_aСПб. _cСпец. лит. _d1999 |
||
| 215 |
_a215 с. _cил. _d22 |
||
| 300 | _aНа обороте тит. л. 1-й авт.: д.п.н., проф. Г.И. Шелинский | ||
| 320 | _aПредм. указ.: с. 210-212 | ||
| 606 | 0 |
_aХимия _jУчебные издания для средней школы _9898913 _3RU\NLR\auth\666296 |
|
| 606 | 0 |
_aХимия _jРуководства, пособия и т.п. для средней школы _9898913 _3RU\NLR\auth\666296 |
|
| 686 | _aГ1я721-1 | ||
| 700 | 1 |
_4070 _8rus _7ca _aШелинский _bГ. И. _gГеоргий Иванович _3RU\NLR\auth\771740 _9111760 |
|
| 701 | 1 |
_4070 _8rus _7ca _aРабинович _bВ. А. _cканд. хим. наук _f1918- _gВениамин Абрамович _3RU\NLR\auth\771741 _9111761 |
|
| 701 | 1 |
_4070 _8rus _7ca _aШелинская _bВ. В. _gВалентина Васильевна _3RU\NLR\auth\771742 _9111762 |
|
| 801 | 0 |
_aRU _bNLR _c19990819 _gPSBO |
|
| 801 | 1 |
_aRU _bNLR _c19990819 |
|
| 852 |
_aNLR _j99-5/2246 |
||
| 942 | _cBOOK | ||
| 980 | _aNB | ||